De situ orbis libri III

Hlavní autor: Mela, Pomponius, činný 1. století
Jazyk: Latina
Vydáno: Lipsiae : Car. Tauchnitius, 1831
Knihy
Uloženo v:
LEADER 00534nam a22001812a 4500
001 000552497
003 CZ BrMZK
005 20050621075050.0
007 ta
008 000105s1831 gw f lat d
040 |a BOA001  |b cze 
100 1 |a Mela, Pomponius,  |d činný 1. století  |7 jn19981001843 
245 1 0 |a De situ orbis libri III 
260 |a Lipsiae :  |b Car. Tauchnitius,  |c 1831 
910 |a BOA001  |b 1-0050.925 
990 |a BK 
993 |a Y 
996 6 |b 2619724579  |c 1-0050.925  |l MZK  |r Sklad / do 1 hodiny  |n 0  |w 000552497  |u 000010  |a 1  |e BOA001  |j MZK50  |s P